Fabrikbuchhaltung und Kalkulation Aufgabensammlung
Saved in:
| Format: | Book |
|---|---|
| Language: | German |
| Published: |
Zürich
Verlag des Schweiz-Kaufmännischen Vereins
1946
|
| Tags: |
No Tags, Be the first to tag this record!
|
MARC
| LEADER | 00000nam a2200000 4500 | ||
|---|---|---|---|
| 001 | 0267821 | ||
| 005 | 20240822101710.6 | ||
| 041 | 0 | |a ger | |
| 044 | |a CH | ||
| 245 | 1 | 0 | |a Fabrikbuchhaltung und Kalkulation |b Aufgabensammlung |
| 264 | 1 | |a Zürich |b Verlag des Schweiz-Kaufmännischen Vereins |c 1946 | |